| 000 | 00632cab a2200241 4500 | ||
|---|---|---|---|
| 001 | X84118 | ||
| 008 | 090401t1997 xxu||||| |||| 00| 0 eng d | ||
| 035 | _a(Sirsi) u78504 | ||
| 041 | _aeng | ||
| 245 | _aElitestone Ltd v Morris and another | ||
| 260 | _c1997 | ||
| 350 | _a0 | ||
| 490 |
_aWeekly Law Reports _v[1997] 1 WLR 687-699(13) |
||
| 650 | _aBUNGALOW | ||
| 650 | _aCHATTELS | ||
| 650 | _aELITESTONE LTD V MORRIS AND ANOTHER | ||
| 650 | _aFIXTURES | ||
| 650 | _aPROTECTED TENANT | ||
| 650 | _aRENT ACT 1977 | ||
| 690 | _aLANDLORD AND TENANT-CASE LAW-RESIDENTIAL TENANCIES | ||
| 942 | _n0 | ||
| 948 | _c22/05/1997 | ||
| 999 |
_c49393 _d49393 |
||